[Event "12th Capablanca Memorial"]
[Site "Cienfuegos CUB"]
[Date "1975.03.12"]
[Round "7"]
[White "Triana, Justo"]
[Black "Jansa, Vlastimil"]
[Result "0-1"]
[WhiteElo "2310"]
[BlackElo "2540"]
[EventDate "1975.03.05"]
[WhiteFideId "-1"]
[BlackFideId "-1"]
[PlyCount "70"]
[Beauty "7973208067150"]
[GameId "272191862992"]
[EventType "tourn"]
[EventRounds "17"]
[EventCountry "CUB"]
[EventCategory "8"]
[SourceTitle "EXT 1998"]
[Source "ChessBase"]
[SourceDate "1997.11.17"]
[SourceVersion "1"]
[SourceVersionDate "1997.11.17"]
[SourceQuality "1"]

1.e4 c5 2.Nf3 e6 3.d4 cxd4 4.Nxd4 Nf6 5.Nc3 d6 6.g4 a6 7.g5 Nfd7 8.Be3 b5 
9.a3 Nb6 10.f4 Qc7 11.f5 e5 12.Nb3 Bb7 13.Na5 N8d7 14.Nxb7 Qxb7 15.Qd2 Rc8
16.Bxb6 Nxb6 17.O-O-O h6 18.Rg1 hxg5 19.Rxg5 Nd7 20.Nd5 Nf6 21.Qg2 Nxd5 
22.Rxd5 Qe7 23.Rg4 Rc5 24.a4 Qd7 25.Bd3 bxa4 26.Kb1 a3 27.Bxa6 axb2 28.
Rxc5 dxc5 29.Qe2 Ke7 30.Rg3 Kf6 31.Bb5 Qd4 32.c3 Qd6 33.Qg4 Qd2 34.Rg1 
Rxh2 35.Ba4 Qd3+ 0-1

[Event "12th Capablanca Memorial"]
[Site "Cienfuegos CUB"]
[Date "1975.03.12"]
[Round "7"]
[White "Vogt, Lothar"]
[Black "Diaz Diaz, Joaquin"]
[Result "1/2-1/2"]
[WhiteElo "2450"]
[BlackElo "2335"]
[EventDate "1975.03.05"]
[WhiteFideId "-1"]
[BlackFideId "-1"]
[PlyCount "62"]
[Beauty "6599351472135"]
[GameId "272191863043"]
[EventType "tourn"]
[EventRounds "17"]
[EventCountry "CUB"]
[EventCategory "8"]
[SourceTitle "EXT 1998"]
[Source "ChessBase"]
[SourceDate "1997.11.17"]
[SourceVersion "1"]
[SourceVersionDate "1997.11.17"]
[SourceQuality "1"]

1.e4 c5 2.Nf3 Nc6 3.d4 cxd4 4.Nxd4 g6 5.Nc3 Bg7 6.Be3 Nf6 7.Bc4 O-O 8.Bb3 
d6 9.f3 Bd7 10.Qd2 Nxd4 11.Bxd4 b5 12.O-O a5 13.a3 Rb8 14.Ne2 Qc7 15.Rad1 
Rfd8 16.Kh1 e5 17.Bc3 b4 18.axb4 a4 19.Bd5 Nxd5 20.exd5 Bb5 21.Rfe1 Rdc8 
22.Ra1 f5 23.Ng3 Rb7 24.Qf2 Qf7 25.Red1 Rbc7 26.Qb6 Qd7 27.Nf1 Be2 28.Re1 
Bc4 29.Ne3 Bb5 30.Nf1 Bc4 31.Ne3 Bb5 1/2-1/2

[Event "12th Capablanca Memorial"]
[Site "Cienfuegos CUB"]
[Date "1975.03.13"]
[Round "8"]
[White "Balashov, Yury"]
[Black "Garcia Martinez, Silvino"]
[Result "1-0"]
[WhiteElo "2540"]
[BlackElo "2445"]
[EventDate "1975.03.05"]
[WhiteFideId "-1"]
[BlackFideId "-1"]
[PlyCount "39"]
[Beauty "8249155791371"]
[GameId "272191862959"]
[EventType "tourn"]
[EventRounds "17"]
[EventCountry "CUB"]
[EventCategory "8"]
[SourceTitle "EXT 1998"]
[Source "ChessBase"]
[SourceDate "1997.11.17"]
[SourceVersion "1"]
[SourceVersionDate "1997.11.17"]
[SourceQuality "1"]

1.d4 Nf6 2.Nf3 d5 3.c4 c6 4.Nc3 e6 5.e3 Nbd7 6.Bd3 dxc4 7.Bxc4 b5 8.Bd3 
Bb7 9.e4 b4 10.Na4 c5 11.e5 Nd5 12.O-O cxd4 13.Re1 a6 14.Nxd4 g6 15.Qg4 
Bg7 16.Bg5 Ne7 17.Bc4 h6 18.Nxe6 fxe6 19.Qxe6 Rf8 20.Bd3 1-0

[Event "12th Capablanca Memorial"]
[Site "Cienfuegos CUB"]
[Date "1975.03.13"]
[Round "8"]
[White "Diaz Diaz, Joaquin"]
[Black "Andersson, Ulf"]
[Result "0-1"]
[WhiteElo "2335"]
[BlackElo "2565"]
[EventDate "1975.03.05"]
[WhiteFideId "-1"]
[BlackFideId "-1"]
[PlyCount "62"]
[Beauty "8250229528098"]
[GameId "272191862963"]
[EventType "tourn"]
[EventRounds "17"]
[EventCountry "CUB"]
[EventCategory "8"]
[SourceTitle "EXT 1998"]
[Source "ChessBase"]
[SourceDate "1997.11.17"]
[SourceVersion "1"]
[SourceVersionDate "1997.11.17"]
[SourceQuality "1"]

1.e4 c5 2.Nf3 e6 3.Nc3 d6 4.d4 cxd4 5.Nxd4 a6 6.Be2 Nf6 7.O-O Be7 8.Kh1 
Qc7 9.a3 b5 10.Bd3 Bb7 11.Qe2 Nbd7 12.f4 Rc8 13.Bd2 g6 14.Rae1 Nc5 15.b4 
Nxd3 16.cxd3 O-O 17.Rc1 Qd7 18.Nb3 Nh5 19.Be3 Ba8 20.Kg1 f5 21.exf5 exf5 
22.Bd4 Bh4 23.Na5 Qf7 24.Qb2 Rc7 25.Qb3 Rfc8 26.g3 Bf6 27.Bxf6 Nxf6 28.
Qxf7+ Kxf7 29.Ne2 Rc2 30.Rfe1 Rxe2 31.Rxc8 Rxe1+ 0-1

[Event "12th Capablanca Memorial"]
[Site "Cienfuegos CUB"]
[Date "1975.03.13"]
[Round "8"]
[White "Ermenkov, Evgeny"]
[Black "Hernandez, Jose de Jesus"]
[Result "1-0"]
[WhiteElo "2450"]
[BlackElo "2310"]
[EventDate "1975.03.05"]
[WhiteFideId "-1"]
[BlackFideId "-1"]
[PlyCount "113"]
[Beauty "6598546178567"]
[GameId "272191863044"]
[EventType "tourn"]
[EventRounds "17"]
[EventCountry "CUB"]
[EventCategory "8"]
[SourceTitle "EXT 1998"]
[Source "ChessBase"]
[SourceDate "1997.11.17"]
[SourceVersion "1"]
[SourceVersionDate "1997.11.17"]
[SourceQuality "1"]

1.e4 c5 2.Nf3 e6 3.d4 cxd4 4.Nxd4 a6 5.c4 Ne7 6.Nc3 Nbc6 7.Nc2 Ng6 8.Be3 
Be7 9.Be2 d6 10.O-O b6 11.Qd2 O-O 12.Rfd1 Qc7 13.Rac1 Rb8 14.f3 Rb7 15.Bf2
Qb8 16.Bg3 Rd8 17.Kh1 Rbd7 18.Bf1 h6 19.Bf2 Bg5 20.Be3 Bxe3 21.Nxe3 Bb7 
22.Qf2 Nce7 23.Rd2 Qc7 24.Rcd1 Qc5 25.a3 Nc8 26.Kg1 Qg5 27.g3 Qe7 28.f4 
Rf8 29.Bg2 Rc7 30.h4 Re8 31.Bf1 Nf8 32.Bg2 Ng6 33.Ne2 Ba8 34.h5 Nf8 35.Nd4
Na7 36.Qe2 Nd7 37.Bf3 Nc8 38.b4 Nf6 39.Qg2 Nh7 40.Re1 Kh8 41.e5 Bxf3 42.
Nxf3 Rd7 43.Red1 Red8 44.exd6 Rxd6 45.Ne5 Rxd2 46.Rxd2 Rxd2 47.Qxd2 Kg8 
48.Qd7 Qxd7 49.Nxd7 a5 50.bxa5 bxa5 51.c5 f6 52.Nc4 Kf7 53.Nxa5 Ke7 54.Nb6
Nxb6 55.cxb6 Kd6 56.Nb7+ Kd5 57.Nc5 1-0

[Event "12th Capablanca Memorial"]
[Site "Cienfuegos CUB"]
[Date "1975.03.13"]
[Round "8"]
[White "Jansa, Vlastimil"]
[Black "Estevez Morales, Guillermo"]
[Result "0-1"]
[WhiteElo "2540"]
[BlackElo "2330"]
[EventDate "1975.03.05"]
[WhiteFideId "-1"]
[BlackFideId "-1"]
[PlyCount "86"]
[Beauty "7427093180450"]
[GameId "272191863045"]
[EventType "tourn"]
[EventRounds "17"]
[EventCountry "CUB"]
[EventCategory "8"]
[SourceTitle "EXT 1998"]
[Source "ChessBase"]
[SourceDate "1997.11.17"]
[SourceVersion "1"]
[SourceVersionDate "1997.11.17"]
[SourceQuality "1"]

1.e4 c5 2.Nf3 Nc6 3.Bb5 Na5 4.c3 a6 5.Be2 Nf6 6.e5 Nd5 7.d4 cxd4 8.cxd4 e6
9.O-O Be7 10.Nc3 O-O 11.Ne4 b5 12.Bg5 h6 13.Bxe7 Qxe7 14.Qd2 Nc6 15.Rfc1 
f6 16.exf6 Nxf6 17.Nxf6+ Qxf6 18.d5 Ne7 19.dxe6 dxe6 20.Qd4 Nd5 21.Ne5 Nf4
22.Bf3 Bb7 23.Re1 Bxf3 24.Nxf3 Qg6 25.g3 Qg4 26.Qe4 Rac8 27.Re3 Rc4 28.Qb7
Rc2 29.Rf1 Nd5 30.Ne5 Qf5 31.g4 Qf6 32.Nd7 Qf7 33.Rxe6 Qxe6 34.Nxf8 Kxf8 
35.h3 Rc7 36.Qa8+ Rc8 37.Qa7 Nf4 38.Qe3 Rc4 39.b3 Re4 40.Qc5+ Kg8 41.Kh2 
Qe5 42.Qc8+ Kh7 43.Qxa6 Qc3 0-1

[Event "12th Capablanca Memorial"]
[Site "Cienfuegos CUB"]
[Date "1975.03.13"]
[Round "8"]
[White "Lebredo Zarragoitia, Gerardo"]
[Black "Garcia Gonzales, Guillermo"]
[Result "0-1"]
[WhiteElo "2335"]
[BlackElo "2485"]
[EventDate "1975.03.05"]
[WhiteFideId "-1"]
[BlackFideId "-1"]
[PlyCount "80"]
[Beauty "7629204098057"]
[GameId "272191863046"]
[EventType "tourn"]
[EventRounds "17"]
[EventCountry "CUB"]
[EventCategory "8"]
[SourceTitle "EXT 1998"]
[Source "ChessBase"]
[SourceDate "1997.11.17"]
[SourceVersion "1"]
[SourceVersionDate "1997.11.17"]
[SourceQuality "1"]

1.Nf3 Nf6 2.c4 e6 3.b3 c5 4.Bb2 Be7 5.e3 O-O 6.Be2 d5 7.O-O dxc4 8.bxc4 b6
9.Ne5 Bb7 10.f4 Nc6 11.d3 Qc7 12.Nd2 Rad8 13.Qe1 Ne8 14.Qg3 f6 15.Nxc6 
Bxc6 16.Rad1 Nd6 17.Nb3 a5 18.Bf3 a4 19.Nc1 Bxf3 20.Qxf3 b5 21.cxb5 Rb8 
22.Ne2 a3 23.Ba1 Nxb5 24.Rc1 Qd7 25.Rfd1 Rfc8 26.Ng3 Bf8 27.Ne4 Kh8 28.Rc2
Qd5 29.Rdc1 Na7 30.Qe2 c4 31.Nf2 cxd3 32.Qxd3 Rxc2 33.Qxc2 Rc8 34.Qb1 
Rxc1+ 35.Qxc1 Qxa2 36.g4 Nb5 37.g5 fxg5 38.Be5 gxf4 39.exf4 Qd5 40.Qc8 Kg8
0-1

[Event "12th Capablanca Memorial"]
[Site "Cienfuegos CUB"]
[Date "1975.03.13"]
[Round "8"]
[White "Pesantes Carbajal, Carlos"]
[Black "Forintos, Gyozo"]
[Result "1-0"]
[WhiteElo "2330"]
[BlackElo "2490"]
[EventDate "1975.03.05"]
[WhiteFideId "-1"]
[BlackFideId "-1"]
[PlyCount "65"]
[Beauty "8182718014502"]
[GameId "272191863047"]
[EventType "tourn"]
[EventRounds "17"]
[EventCountry "CUB"]
[EventCategory "8"]
[SourceTitle "EXT 1998"]
[Source "ChessBase"]
[SourceDate "1997.11.17"]
[SourceVersion "1"]
[SourceVersionDate "1997.11.17"]
[SourceQuality "1"]

1.d4 Nf6 2.c4 c5 3.d5 d6 4.Nc3 g6 5.e4 Bg7 6.Be2 O-O 7.Nf3 b5 8.cxb5 a6 9.
Nd2 Nbd7 10.bxa6 Bxa6 11.Bxa6 Rxa6 12.Qe2 Qa8 13.O-O Rb8 14.f4 Nb6 15.f5 
Na4 16.fxg6 hxg6 17.Nc4 Nxc3 18.bxc3 Ra4 19.Bg5 Qa6 20.e5 Nh7 21.Bxe7 Bxe5
22.Qf3 Qxc4 23.Qxf7+ Kh8 24.Rae1 Qxc3 25.Kh1 Rxa2 26.Qe6 Rf2 27.Bxd6 Rxf1+
28.Rxf1 Bxd6 29.Qxd6 Rg8 30.Qe7 c4 31.h3 Qb3 32.Rf7 Rg7 33.Rxg7 1-0

[Event "12th Capablanca Memorial"]
[Site "Cienfuegos CUB"]
[Date "1975.03.13"]
[Round "8"]
[White "Sydor, Andrzej"]
[Black "Razuvaev, Yury"]
[Result "1/2-1/2"]
[WhiteElo "2395"]
[BlackElo "2510"]
[EventDate "1975.03.05"]
[WhiteFideId "-1"]
[BlackFideId "-1"]
[PlyCount "22"]
[Beauty "6597069766658"]
[GameId "272191863048"]
[EventType "tourn"]
[EventRounds "17"]
[EventCountry "CUB"]
[EventCategory "8"]
[SourceTitle "EXT 1998"]
[Source "ChessBase"]
[SourceDate "1997.11.17"]
[SourceVersion "1"]
[SourceVersionDate "1997.11.17"]
[SourceQuality "1"]

1.e4 c5 2.Nf3 e6 3.c3 Nc6 4.d4 d5 5.exd5 Qxd5 6.Be2 Nf6 7.O-O cxd4 8.Nxd4 
Nxd4 9.cxd4 Be7 10.Nc3 Qd8 11.Bf3 O-O 1/2-1/2

[Event "12th Capablanca Memorial"]
[Site "Cienfuegos CUB"]
[Date "1975.03.13"]
[Round "8"]
[White "Vasiukov, Evgeny"]
[Black "Triana, Justo"]
[Result "1-0"]
[WhiteElo "2560"]
[BlackElo "2310"]
[EventDate "1975.03.05"]
[WhiteFideId "-1"]
[BlackFideId "-1"]
[PlyCount "57"]
[Beauty "8249826869257"]
[GameId "272191862998"]
[EventType "tourn"]
[EventRounds "17"]
[EventCountry "CUB"]
[EventCategory "8"]
[SourceTitle "EXT 1998"]
[Source "ChessBase"]
[SourceDate "1997.11.17"]
[SourceVersion "1"]
[SourceVersionDate "1997.11.17"]
[SourceQuality "1"]

1.e4 c5 2.Nf3 d6 3.Bb5+ Bd7 4.Bxd7+ Qxd7 5.c4 Nc6 6.d4 cxd4 7.Nxd4 Nf6 8.
O-O g6 9.f3 Nxd4 10.Qxd4 Bg7 11.Nc3 O-O 12.Qd3 Rac8 13.Be3 a6 14.Rac1 Qc6 
15.b3 Rfd8 16.Rfd1 Re8 17.Kh1 Nd7 18.Nd5 Nc5 19.Qd2 b6 20.Bh6 Bxh6 21.Qxh6
Nd7 22.Qh4 f6 23.Rc3 Nc5 24.f4 Nxe4 25.Rh3 Qc5 26.Rf1 Qd4 27.f5 h5 28.Re3 
gxf5 29.Rxf5 1-0

[Event "12th Capablanca Memorial"]
[Site "Cienfuegos CUB"]
[Date "1975.03.13"]
[Round "8"]
[White "Vogt, Lothar"]
[Black "Sigurjonsson, Gudmundur"]
[Result "1-0"]
[WhiteElo "2450"]
[BlackElo "2475"]
[EventDate "1975.03.05"]
[WhiteFideId "-1"]
[BlackFideId "-1"]
[PlyCount "83"]
[Beauty "7564532121620"]
[GameId "272191863049"]
[EventType "tourn"]
[EventRounds "17"]
[EventCountry "CUB"]
[EventCategory "8"]
[SourceTitle "EXT 1998"]
[Source "ChessBase"]
[SourceDate "1997.11.17"]
[SourceVersion "1"]
[SourceVersionDate "1997.11.17"]
[SourceQuality "1"]

1.e4 g6 2.d4 Bg7 3.Nc3 d6 4.Nf3 Nf6 5.Be2 O-O 6.O-O Bg4 7.Be3 Nc6 8.Qd2 e5
9.d5 Ne7 10.Rad1 Bd7 11.h3 Ne8 12.Nh2 f5 13.f4 exf4 14.Bxf4 Nf6 15.exf5 
Bxf5 16.Bf3 Nd7 17.Bg5 Ne5 18.g4 Bd7 19.Bg2 Nf7 20.Be3 Ne5 21.Qe2 Kh8 22.
Rxf8+ Qxf8 23.Nb5 Qb8 24.Nf3 a6 25.Nxe5 Bxb5 26.Nf7+ Kg8 27.c4 Bxc4 28.
Qxc4 Kxf7 29.Bg5 Be5 30.Rf1+ Ke8 31.Kh1 h6 32.Bxh6 Kd7 33.Bg5 Qe8 34.Qa4+ 
Kd8 35.Qb3 Rb8 36.Bh6 Kd7 37.Rf8 Qxf8 38.Bxf8 Rxf8 39.Qxb7 Rf2 40.Qxa6 
Rxb2 41.Qa5 Kd8 42.Bf1 1-0

[Event "12th Capablanca Memorial"]
[Site "Cienfuegos CUB"]
[Date "1975.03.14"]
[Round "9"]
[White "Andersson, Ulf"]
[Black "Pesantes Carbajal, Carlos"]
[Result "1/2-1/2"]
[WhiteElo "2565"]
[BlackElo "2330"]
[EventDate "1975.03.05"]
[WhiteFideId "-1"]
[BlackFideId "-1"]
[PlyCount "90"]
[Beauty "5842766140938"]
[GameId "272191863051"]
[EventType "tourn"]
[EventRounds "17"]
[EventCountry "CUB"]
[EventCategory "8"]
[SourceTitle "EXT 1998"]
[Source "ChessBase"]
[SourceDate "1997.11.17"]
[SourceVersion "1"]
[SourceVersionDate "1997.11.17"]
[SourceQuality "1"]

1.Nf3 Nf6 2.c4 e6 3.b3 d5 4.Bb2 Nbd7 5.cxd5 exd5 6.e3 Bd6 7.Be2 O-O 8.O-O 
Qe7 9.d3 c6 10.Nbd2 Re8 11.Rc1 Nf8 12.Re1 Ba3 13.Qc2 Bxb2 14.Qxb2 Ng6 15.
Bf1 Be6 16.Rc2 Qd6 17.b4 a6 18.a3 Re7 19.Nb3 Rae8 20.Qc3 Bc8 21.a4 Ne5 22.
Nbd4 Nfg4 23.b5 Bd7 24.bxa6 bxa6 25.h3 Nxf3+ 26.Nxf3 Ne5 27.Nxe5 Rxe5 28.
d4 Rg5 29.Kh1 Qh6 30.Rb2 Qh4 31.Kh2 Rg6 32.g3 Qh5 33.h4 Qf5 34.Bg2 Rh6 35.
f3 Qh5 36.Rb7 Bc8 37.Rc7 Qg6 38.Rc1 Rxh4+ 39.gxh4 Qd6+ 40.f4 Qxc7 41.Qxc6 
Qd8 42.Qxd5 Qxh4+ 43.Kg1 Bg4 44.Qc6 Rb8 45.Qc7 Re8 1/2-1/2

[Event "12th Capablanca Memorial"]
[Site "Cienfuegos CUB"]
[Date "1975.03.14"]
[Round "9"]
[White "Estevez Morales, Guillermo"]
[Black "Vasiukov, Evgeny"]
[Result "0-1"]
[WhiteElo "2330"]
[BlackElo "2560"]
[EventDate "1975.03.05"]
[WhiteFideId "-1"]
[BlackFideId "-1"]
[PlyCount "60"]
[Beauty "8251705917450"]
[GameId "272191862970"]
[EventType "tourn"]
[EventRounds "17"]
[EventCountry "CUB"]
[EventCategory "8"]
[SourceTitle "EXT 1998"]
[Source "ChessBase"]
[SourceDate "1997.11.17"]
[SourceVersion "1"]
[SourceVersionDate "1997.11.17"]
[SourceQuality "1"]

1.d4 Nf6 2.c4 c5 3.d5 b5 4.cxb5 a6 5.bxa6 Bxa6 6.Nc3 d6 7.g3 g6 8.Bg2 Bg7 
9.Nf3 Nbd7 10.O-O Nb6 11.h3 O-O 12.Rb1 Bc4 13.Nd2 Bxa2 14.Nxa2 Rxa2 15.e4 
Nfd7 16.b3 Qa8 17.Bf3 Rb8 18.Be2 Bc3 19.Nc4 Nxc4 20.Bxc4 Ne5 21.Bg5 Qa7 
22.Bf4 Nxc4 23.bxc4 Bd4 24.Rxb8+ Qxb8 25.Bh6 Qb2 26.Qf3 Qc2 27.Kg2 Qxc4 
28.Rb1 Rb2 29.Rxb2 Bxb2 30.h4 Bc1 0-1

[Event "12th Capablanca Memorial"]
[Site "Cienfuegos CUB"]
[Date "1975.03.14"]
[Round "9"]
[White "Forintos, Gyozo"]
[Black "Sydor, Andrzej"]
[Result "1-0"]
[WhiteElo "2490"]
[BlackElo "2395"]
[EventDate "1975.03.05"]
[WhiteFideId "-1"]
[BlackFideId "-1"]
[PlyCount "61"]
[Beauty "8248216257048"]
[GameId "272191862973"]
[EventType "tourn"]
[EventRounds "17"]
[EventCountry "CUB"]
[EventCategory "8"]
[SourceTitle "EXT 1998"]
[Source "ChessBase"]
[SourceDate "1997.11.17"]
[SourceVersion "1"]
[SourceVersionDate "1997.11.17"]
[SourceQuality "1"]

1.d4 Nf6 2.c4 e6 3.Nc3 Bb4 4.Qc2 d5 5.a3 Bxc3+ 6.Qxc3 Ne4 7.Qc2 e5 8.e3 
exd4 9.cxd5 Qxd5 10.Nf3 Nd6 11.Nxd4 O-O 12.Qxc7 Nc6 13.Nxc6 bxc6 14.Bd2 a5
15.Rd1 Ne4 16.Bc1 Qf5 17.f3 Nc5 18.e4 Re8 19.Be2 Nxe4 20.fxe4 Ba6 21.Bxa6 
Rxa6 22.Rd3 Rxe4+ 23.Re3 Ra8 24.Rf1 Rxe3+ 25.Bxe3 Qb1+ 26.Kf2 Qxb2+ 27.Kg1
Qxa3 28.Qxf7+ Kh8 29.Bd4 Rg8 30.Re1 h6 31.Qg6 1-0

[Event "12th Capablanca Memorial"]
[Site "Cienfuegos CUB"]
[Date "1975.03.14"]
[Round "9"]
[White "Garcia Gonzales, Guillermo"]
[Black "Jansa, Vlastimil"]
[Result "1-0"]
[WhiteElo "2485"]
[BlackElo "2540"]
[EventDate "1975.03.05"]
[WhiteFideId "-1"]
[BlackFideId "-1"]
[PlyCount "81"]
[Beauty "7632693759003"]
[GameId "272191862975"]
[EventType "tourn"]
[EventRounds "17"]
[EventCountry "CUB"]
[EventCategory "8"]
[SourceTitle "EXT 1998"]
[Source "ChessBase"]
[SourceDate "1997.11.17"]
[SourceVersion "1"]
[SourceVersionDate "1997.11.17"]
[SourceQuality "1"]

1.d4 Nf6 2.c4 c5 3.Nf3 cxd4 4.Nxd4 a6 5.Nc3 d5 6.Bg5 e5 7.Nc2 d4 8.Nd5 Bf5
9.Bxf6 gxf6 10.e3 Nc6 11.Be2 Qa5+ 12.Kf1 Bg7 13.Bg4 Be4 14.exd4 f5 15.Bf3 
Bxc2 16.Qxc2 Nxd4 17.Qc1 O-O 18.h4 e4 19.Be2 b5 20.Rh3 Kh8 21.Rg3 Nxe2 22.
Kxe2 Qd8 23.Qg5 Qxg5 24.hxg5 bxc4 25.Rh1 Rab8 26.b3 cxb3 27.Rgh3 h6 28.
axb3 Rb5 29.Nf6 Rfb8 30.Rc1 f4 31.Nxe4 Rxb3 32.gxh6 Bd4 33.Rxb3 Rxb3 34.
Ng5 Rb8 35.Nxf7+ Kh7 36.Rc7 Rb2+ 37.Kd3 Bxf2 38.Rc8 Rb7 39.Rh8+ Kg6 40.
Rg8+ Kxf7 41.Rg7+ 1-0

[Event "12th Capablanca Memorial"]
[Site "Cienfuegos CUB"]
[Date "1975.03.14"]
[Round "9"]
[White "Garcia Martinez, Silvino"]
[Black "Lebredo Zarragoitia, Gerardo"]
[Result "1/2-1/2"]
[WhiteElo "2445"]
[BlackElo "2335"]
[EventDate "1975.03.05"]
[WhiteFideId "-1"]
[BlackFideId "-1"]
[PlyCount "80"]
[Beauty "6118583569415"]
[GameId "272191863052"]
[EventType "tourn"]
[EventRounds "17"]
[EventCountry "CUB"]
[EventCategory "8"]
[SourceTitle "EXT 1998"]
[Source "ChessBase"]
[SourceDate "1997.11.17"]
[SourceVersion "1"]
[SourceVersionDate "1997.11.17"]
[SourceQuality "1"]

1.Nf3 Nf6 2.c4 e6 3.g3 b6 4.Bg2 Bb7 5.O-O Be7 6.Nc3 O-O 7.d4 d5 8.cxd5 
exd5 9.Bg5 Nbd7 10.Rc1 c6 11.Ne1 Ne4 12.Nxe4 dxe4 13.Be3 c5 14.Nd3 cxd4 
15.Bxd4 Bf6 16.Nf4 Bxd4 17.Qxd4 Nf6 18.Qb4 Re8 19.Rcd1 Qe7 20.Qxe7 Rxe7 
21.h4 Kf8 22.Bh3 h5 23.Rd4 Ke8 24.Rfd1 Rc7 25.Ng2 g6 26.Ne3 Ke7 27.Kf1 b5 
28.Ke1 a6 29.Rd6 Bc6 30.Bg2 Rac8 31.Bh3 Ne8 32.R6d5 f5 33.R5d4 Nf6 34.Bg2 
Rd7 35.Rxd7+ Bxd7 36.f3 exf3 37.exf3 Bc6 38.Ke2 Rd8 39.Rxd8 Kxd8 40.Nc2 
Bd5 1/2-1/2

[Event "12th Capablanca Memorial"]
[Site "Cienfuegos CUB"]
[Date "1975.03.14"]
[Round "9"]
[White "Hernandez, Jose de Jesus"]
[Black "Balashov, Yury"]
[Result "0-1"]
[WhiteElo "2310"]
[BlackElo "2540"]
[EventDate "1975.03.05"]
[WhiteFideId "-1"]
[BlackFideId "-1"]
[PlyCount "62"]
[Beauty "8247947821063"]
[GameId "272191863053"]
[EventType "tourn"]
[EventRounds "17"]
[EventCountry "CUB"]
[EventCategory "8"]
[SourceTitle "EXT 1998"]
[Source "ChessBase"]
[SourceDate "1997.11.17"]
[SourceVersion "1"]
[SourceVersionDate "1997.11.17"]
[SourceQuality "1"]

1.d4 Nf6 2.c4 e6 3.Nf3 b6 4.a3 c5 5.d5 Ba6 6.b3 exd5 7.cxd5 g6 8.Bb2 Bg7 
9.e3 Bxf1 10.Kxf1 O-O 11.g3 d6 12.Kg2 Nbd7 13.Nc3 a6 14.Ra2 Qe7 15.h4 Rfe8
16.Ne2 Qe4 17.Nc3 Qg4 18.Nh2 Qxd1 19.Rxd1 b5 20.Nf3 Nb6 21.Ba1 Ne4 22.Nxe4
Rxe4 23.Bxg7 Kxg7 24.Rad2 a5 25.Ng5 Re7 26.Ra1 h6 27.Nh3 a4 28.Rb1 axb3 
29.Rxb3 Nc4 30.Rdd3 Ra5 31.f4 Nb6 0-1

[Event "12th Capablanca Memorial"]
[Site "Cienfuegos CUB"]
[Date "1975.03.14"]
[Round "9"]
[White "Razuvaev, Yury"]
[Black "Ermenkov, Evgeny"]
[Result "1-0"]
[WhiteElo "2510"]
[BlackElo "2450"]
[EventDate "1975.03.05"]
[WhiteFideId "-1"]
[BlackFideId "-1"]
[PlyCount "59"]
[Beauty "8248887345672"]
[GameId "272191862983"]
[EventType "tourn"]
[EventRounds "17"]
[EventCountry "CUB"]
[EventCategory "8"]
[SourceTitle "EXT 1998"]
[Source "ChessBase"]
[SourceDate "1997.11.17"]
[SourceVersion "1"]
[SourceVersionDate "1997.11.17"]
[SourceQuality "1"]

1.e4 c5 2.Nf3 Nc6 3.d4 cxd4 4.Nxd4 Nf6 5.Nc3 d6 6.Bg5 Qb6 7.Nb3 e6 8.g4 a6
9.Be3 Qc7 10.g5 Nd7 11.a4 Na5 12.Nxa5 Qxa5 13.h4 Be7 14.f4 O-O 15.Bg2 d5 
16.exd5 Bc5 17.Qd2 Bxe3 18.Qxe3 exd5 19.O-O Nb6 20.Qd4 Nd7 21.Nxd5 Qc5 22.
Qxc5 Nxc5 23.b4 Ne6 24.f5 Nd4 25.c3 Nc6 26.b5 axb5 27.axb5 Rxa1 28.Rxa1 
Ne5 29.Ne7+ Kh8 30.Ra8 1-0

[Event "12th Capablanca Memorial"]
[Site "Cienfuegos CUB"]
[Date "1975.03.14"]
[Round "9"]
[White "Sigurjonsson, Gudmundur"]
[Black "Diaz Diaz, Joaquin"]
[Result "1-0"]
[WhiteElo "2475"]
[BlackElo "2335"]
[EventDate "1975.03.05"]
[WhiteFideId "-1"]
[BlackFideId "-1"]
[PlyCount "61"]
[Beauty "8251726902312"]
[GameId "272191862986"]
[EventType "tourn"]
[EventRounds "17"]
[EventCountry "CUB"]
[EventCategory "8"]
[SourceTitle "EXT 1998"]
[Source "ChessBase"]
[SourceDate "1997.11.17"]
[SourceVersion "1"]
[SourceVersionDate "1997.11.17"]
[SourceQuality "1"]

1.e4 c5 2.Nf3 Nc6 3.d4 cxd4 4.Nxd4 g6 5.Nc3 Bg7 6.Be3 Nf6 7.Bc4 O-O 8.Bb3 
d6 9.h3 Na5 10.f4 b6 11.e5 Nh5 12.Bd5 dxe5 13.fxe5 Ba6 14.Qf3 Rc8 15.O-O-O
Rxc3 16.bxc3 Qc7 17.g4 e6 18.Bb3 Bb7 19.Qf2 Bxh1 20.Rxh1 Qxc3 21.Kb1 Bxe5 
22.gxh5 b5 23.Qe1 Qc7 24.hxg6 hxg6 25.Nxb5 Qb7 26.Bd4 Bg3 27.Qf1 Nxb3 28.
axb3 a6 29.Rg1 Bb8 30.Qf6 e5 31.Be3 1-0

[Event "12th Capablanca Memorial"]
[Site "Cienfuegos CUB"]
[Date "1975.03.14"]
[Round "9"]
[White "Triana, Justo"]
[Black "Vogt, Lothar"]
[Result "1/2-1/2"]
[WhiteElo "2310"]
[BlackElo "2450"]
[EventDate "1975.03.05"]
[WhiteFideId "-1"]
[BlackFideId "-1"]
[PlyCount "97"]
[Beauty "5637031335461"]
[GameId "272191862993"]
[EventType "tourn"]
[EventRounds "17"]
[EventCountry "CUB"]
[EventCategory "8"]
[SourceTitle "EXT 1998"]
[Source "ChessBase"]
[SourceDate "1997.11.17"]
[SourceVersion "1"]
[SourceVersionDate "1997.11.17"]
[SourceQuality "1"]

1.e4 e5 2.Nf3 Nc6 3.Bb5 a6 4.Ba4 Nf6 5.O-O Be7 6.Re1 b5 7.Bb3 d6 8.c3 O-O 
9.h3 Nb8 10.d4 Nbd7 11.Nbd2 Bb7 12.Bc2 Re8 13.b4 Bf8 14.Bb2 Nb6 15.a3 Nfd7
16.dxe5 Nxe5 17.Nxe5 dxe5 18.Qe2 c5 19.Nf1 Nc4 20.Bc1 cxb4 21.cxb4 a5 22.
bxa5 Qxa5 23.Ng3 Nxa3 24.Bxa3 Bxa3 25.Qf3 Qd2 26.Re2 Qf4 27.Qb3 b4 28.Re3 
Bc8 29.Qb1 Be6 30.Bb3 Rac8 31.Qa2 g6 32.Bxe6 Rxe6 33.Rf3 Rc1+ 34.Rxc1 
Qxc1+ 35.Kh2 Qc5 36.Rd3 Rf6 37.Qd5 Qe7 38.Qa8+ Kg7 39.Qc8 Qe6 40.Qb8 Qe7 
41.Rd8 Rxf2 42.Nf5+ Rxf5 43.exf5 Bb2 44.Rh8 e4 45.Qg8+ Kf6 46.Rxh7 Qc7+ 
47.g3 Qc2+ 48.Kh1 Qd1+ 49.Kh2 1/2-1/2

[Event "12th Capablanca Memorial"]
[Site "Cienfuegos CUB"]
[Date "1975.03.17"]
[Round "10"]
[White "Balashov, Yury"]
[Black "Razuvaev, Yury"]
[Result "1/2-1/2"]
[WhiteElo "2540"]
[BlackElo "2510"]
[EventDate "1975.03.05"]
[WhiteFideId "-1"]
[BlackFideId "-1"]
[PlyCount "30"]
[Beauty "6597069766661"]
[GameId "272191863054"]
[EventType "tourn"]
[EventRounds "17"]
[EventCountry "CUB"]
[EventCategory "8"]
[SourceTitle "EXT 1998"]
[Source "ChessBase"]
[SourceDate "1997.11.17"]
[SourceVersion "1"]
[SourceVersionDate "1997.11.17"]
[SourceQuality "1"]

1.e4 e5 2.Nf3 Nc6 3.Nc3 Nf6 4.Bb5 Nd4 5.Nxd4 exd4 6.e5 dxc3 7.exf6 Qxf6 8.
dxc3 Qe5+ 9.Qe2 Qxe2+ 10.Kxe2 Bc5 11.Re1 c6 12.Kf1+ Kd8 13.Bd3 d5 14.Be3 
Bxe3 15.Rxe3 Be6 1/2-1/2